<?xml version="1.0" encoding="UTF-8"?><?xml-stylesheet type="text/xsl" href="static/style.xsl"?><OAI-PMH xmlns="http://www.openarchives.org/OAI/2.0/" xmlns:xsi="http://www.w3.org/2001/XMLSchema-instance" xsi:schemaLocation="http://www.openarchives.org/OAI/2.0/ http://www.openarchives.org/OAI/2.0/OAI-PMH.xsd"><responseDate>2026-05-12T07:57:22Z</responseDate><request verb="GetRecord" identifier="oai:riubu.ubu.es:10259/10359" metadataPrefix="marc">https://riubu.ubu.es/oai/request</request><GetRecord><record><header><identifier>oai:riubu.ubu.es:10259/10359</identifier><datestamp>2025-03-22T01:05:21Z</datestamp><setSpec>com_10259_5827</setSpec><setSpec>com_10259_5086</setSpec><setSpec>com_10259_2604</setSpec><setSpec>col_10259_5828</setSpec></header><metadata><record xmlns="http://www.loc.gov/MARC21/slim" xmlns:doc="http://www.lyncode.com/xoai" xmlns:xsi="http://www.w3.org/2001/XMLSchema-instance" xmlns:dcterms="http://purl.org/dc/terms/" xsi:schemaLocation="http://www.loc.gov/MARC21/slim http://www.loc.gov/standards/marcxml/schema/MARC21slim.xsd">
<leader>00925njm 22002777a 4500</leader>
<datafield tag="042" ind1=" " ind2=" ">
<subfield code="a">dc</subfield>
</datafield>
<datafield tag="720" ind1=" " ind2=" ">
<subfield code="a">Gómez Bastida, Inmaculada</subfield>
<subfield code="e">author</subfield>
</datafield>
<datafield tag="720" ind1=" " ind2=" ">
<subfield code="a">Ibáñez, Francisco C.</subfield>
<subfield code="e">author</subfield>
</datafield>
<datafield tag="720" ind1=" " ind2=" ">
<subfield code="a">Beriain, María José</subfield>
<subfield code="e">author</subfield>
</datafield>
<datafield tag="260" ind1=" " ind2=" ">
<subfield code="c">2019</subfield>
</datafield>
<datafield tag="520" ind1=" " ind2=" ">
<subfield code="a">Ready-to-eat (RTE) products elaborated from beef and meat analog, previously marinated (teriyaki and beer), were subjected to sous vide cooking at different combinations of temperature (70ºC and 80ºC) and time (60, 90 and 120 min for beef; 90, 120 and 150 min for meat analog). The sous vide cooking at 80ºC led to less cooking losses. The shear force values were approximately 50% lower in meat analog samples than in beef samples. The L* and a* value and sensory properties related to odor and color were similar in meat and meat analog products.</subfield>
</datafield>
<datafield tag="024" ind2=" " ind1="8">
<subfield code="a">1094-2912</subfield>
</datafield>
<datafield tag="024" ind2=" " ind1="8">
<subfield code="a">http://hdl.handle.net/10259/10359</subfield>
</datafield>
<datafield tag="024" ind2=" " ind1="8">
<subfield code="a">10.1080/10942912.2019.1666869</subfield>
</datafield>
<datafield tag="024" ind2=" " ind1="8">
<subfield code="a">1532-2386</subfield>
</datafield>
<datafield ind1=" " ind2=" " tag="653">
<subfield code="a">Sous vide</subfield>
</datafield>
<datafield ind1=" " ind2=" " tag="653">
<subfield code="a">Marinade</subfield>
</datafield>
<datafield ind1=" " ind2=" " tag="653">
<subfield code="a">Meat</subfield>
</datafield>
<datafield ind1=" " ind2=" " tag="653">
<subfield code="a">Meat analog</subfield>
</datafield>
<datafield ind1=" " ind2=" " tag="653">
<subfield code="a">Ready-to-eat</subfield>
</datafield>
<datafield tag="245" ind1="0" ind2="0">
<subfield code="a">Physicochemical and sensory properties of sous vide meat and meat analog products marinated and cooked at different temperature-time combinations</subfield>
</datafield>
</record></metadata></record></GetRecord></OAI-PMH>